000 00731nam a2200169 a 4500
008 180926s2015 ||||||||||||||||| || u
050 _aUNCTAD(08)RSS/70
100 _aFugazza, Marco
245 1 0 _aMaritime connectivity and trade
_cby Marco Fugazza
260 _aGeneva
_bUnited Nations Conference on Trade and Development (UNCTAD)
_c2015
300 _avi, 24pages : illustration
650 _aCONTAINERIZATION TRADE
650 _aSEA TRANSPORT
650 _aMARITIME LAW
650 _aSHIPPING--COSTS--ECONOMETRIC MODELS
995 _FCBU-MAIN LIBRARY (Kitwe)
_M1
_UAVAILABLE
_WSep 26, 2018
_XUnited Nations Conference on Trade And Development (UNCTAD)
_ZInternational Publications
999 _c50355
_d50355